|
|
|
|
| LEADER |
01082nam a22003012a 4500 |
| 001 |
000763554 |
| 003 |
CZ BrMZK |
| 005 |
20131004084520.0 |
| 007 |
ta |
| 008 |
050214s1966 xr er|||||||||||cze d |
| 015 |
|
|
|a cnb000446042
|
| 035 |
|
|
|a (OCoLC)42142463
|
| 040 |
|
|
|a ABA001
|b cze
|c BOA001
|d ABA001
|d BOA001
|
| 080 |
9 |
|
|a 669.1.011(41)(021)
|
| 100 |
1 |
|
|a Chaloupka, Jindřich
|7 jx20040727021
|4 aut
|
| 245 |
1 |
0 |
|a Hutnictví železa ve Velké Británii /
|c Jindřich Chaloupka
|
| 250 |
|
|
|a 1. vyd.
|
| 260 |
|
|
|a Praha :
|b Ústředí vědeckých, technických a ekonomických informací,
|c 1966
|
| 300 |
|
|
|a 95 s. ;
|c 8°
|
| 490 |
1 |
|
|a Technické a ekonomické informace
|
| 500 |
|
|
|a 200 výt.
|
| 504 |
|
|
|a Obsahuje bibliografii
|
| 830 |
|
0 |
|a Technické a ekonomické informace
|
| 910 |
|
|
|a BOA001
|b 2-0575.941
|b TK-0138.042
|
| 990 |
|
|
|a BK
|
| 991 |
|
|
|b 200502
|
| 996 |
6 |
|
|b 2619018535
|c 2-0575.941
|l Sklad H1
|r Sklad / do 24 hodin
|n 0
|h HS212
|w 000763554
|u 000030
|a 1
|e BOA001
|j MZK50
|s P
|
| 996 |
6 |
|
|b BC-190310
|c TK-0138.042
|l MZK
|r Sklad / do 24 hodin
|n 0
|w 000763554
|u 000010
|a 1
|e BOA001
|j MZK50
|s P
|